Normal view
MARC view
- يوم القيامة- السمعيات- المسيح الدجال
Entry Topical Term
001 - CONTROL NUMBER
- control field: 56536
003 - CONTROL NUMBER IDENTIFIER
- control field: JO-AjAnu
005 - DATE AND TIME OF LATEST TRANSACTION
- control field: 20230606083250.0
008 - FIXED-LENGTH DATA ELEMENTS
- fixed length control field: 230606|| aca||aabn | a|a d
040 ## - CATALOGING SOURCE
- Original cataloging agency: JO-AjAnu
- Transcribing agency: JO-AjAnu
150 ## - HEADING--TOPICAL TERM
- Topical term or geographic name entry element: يوم القيامة- السمعيات- المسيح الدجال
670 ## - SOURCE DATA FOUND
- Source citation: Work cat.: (JO-AjAnu)28848: طويلة، عبد الوهاب عبد السلام, author 56535, المسيح المنتظر ونهاية العالم